South America Subdivisions: Saints (map quiz) - Statistics

General Stats
  • This quiz has been taken 35 times
  • The average score is 12 of 19
Answers on the Map
Answers color-coded by a green-red scale on the quiz's map according to % correct below.
 
Answer Stats
Country Subdivision % Correct
Argentina Santa Cruz
89%
Bolivia Santa Cruz
89%
Brazil São Paulo
89%
Ecuador Morona-Santiago
79%
Chile Santiago
79%
Argentina Santiago del Estero
79%
Uruguay San José
71%
Argentina San Juan
71%
Brazil Espírito Santo
68%
Brazil Santa Catarina
68%
Argentina Santa Fe
68%
Argentina San Luis
64%
Ecuador Santo Domingo de los Tsáchilas
54%
Colombia San Andrés, Providencia and Santa Catalina
46%
Paraguay San Pedro
46%
Peru San Martín
43%
Colombia Santander
43%
Colombia Norte de Santander
39%
Ecuador Santa Elena
39%
No matching quizzes found
Score Distribution
Percent of People with Each Score
Percentile by Number Answered
Your Score History
You have not taken this quiz